00682nam a2200241 a 4500001001300000003000900013005001700022008004100039020001000080082001600090100002000106245004000126260004600166300000900212500003500221505002200256650001600278700002000294902000800314942000700322952009600329999001500425nice12345678IN_TiNIC20260116011441.0050524s1906 cala grp 000 0 eng  ac10000a340.59bAME aAmeer Ali, Syed aStudents Handbook of Mohammadan Law aCalcuttabThacker Spink and Companyc1906 a174p aincludes index and biblioraphy2 aerrata et addenda aIslamic-Law1 aAmeer Ali, Syed bSRS cBK 00104070aHMIbHMId2007-05-02g100.00l0o340.59 AMEp01196r2007-05-02w2026-01-16yEB c1644d1644